01550nam a2200325 i 4500003000900000005001700009007000300026008004100029040003000070082001400100100004900114245017900163264005700342300003900399336002700438337003400465338002800499490003200527500006700559590002700626700005600653700005600709700005000765710008800815710006400903910001400967942001400981952021200995999001701207DO-SdBNP20250307101656.0ta240903s2006 dr c 000 j spa d aDO-SdBNPbspacBNPHUerda bL956h2221 aLulo Gitte, Rubén938778d1934-2017eautor10aHistoria de Moca en fotos /cRubén Lulo Gitte ; prólogo Antonio Utate Guzmán ; fotografías AGN, Archivo histórico de Santiago, Florencio Ml. Tejada, Marino García 1aMoca, República Dominicana :bImprearte EB,c2006. a173 páginas, bretratosc18 cm. 2rdacontentatextobtxt 2rdamediaasin mediación bn 2rdacarrieravolumenbnc1 aCosas y gentes de mi pueblo aIncluye datos biográficos del autor en la página 172-173.  aInventariado, 2024/ YL 4prol.aUtate Guzmán, Antonio eprólogo 986497 4fot.aTejada, Florencio Ml. efotografías 986498 4fot.aGarcía, Marino efotografías9864992 aArchivo General de la Nación (República Dominicana)4fot.efotografías985400 4fot.aArchivo histórico de Santiagoefotografías986501 aYLockward 2ddccLBS1 00102ddc51708PDaBNPHUbBNPHUcCTd2023-03-01eDonado por Emilio Cordero Michell0oBNPHU PD L956hp2024-5208r2024-09-03w2024-09-03yLBS1zPerteneció a la biblioteca personal de Emilio Cordero Michel c57609d57609